[Event "1. liga V 24/25, Morenda-SM"]
[Site ""]
[Date "2025.02.02"]
[Round "7.2"]
[White "Babula, Vlastimil"]
[Black "Krejci, Jan"]
[Result "1-0"]
[WhiteFideId "391930"]
[BlackFideId "322156"]
[WhiteElo "2353"]
[BlackElo "2532"]
[PlyCount "0"]
[WhiteTeam "SK Stare Mesto"]
[BlackTeam "Moravska Slavia Brno B"]
[EventDate "2024.10.20"]

1. e4 e5 2. Nf3 Nc6 3. Bc4 Nf6 4. d3 Be7 5. O-O O-O 6. Re1 d6 7. a4 Na5 8. Ba2
c5 9. Nbd2 Nc6 10. c3 h6 11. Nf1 Re8 12. d4 exd4 13. cxd4 Bf8 14. d5 Nb4 15.
Bb1 b6 16. Bd2 a5 17. h3 Ba6 18. Ra3 g6 19. Rae3 Bg7 20. Bc3 b5 21. axb5 Bxb5
22. N3d2 Nd7 23. f4 Nb6 24. Rg3 Ba4 25. Qc1 Bd4+ 26. Bxd4 cxd4 27. Nf3 Rc8 28.
Qd2 d3 29. f5 Kh7 30. fxg6+ fxg6 31. Bxd3 Nxd3 32. Qxd3 Bc2 33. Qd4 Nd7 34.
N1d2 Qb6 35. Rc1 Rc5 36. Kh2 Qb4 37. Ra1 Rb8 38. b3 Qxd4 39. Nxd4 Ne5 40. Ne6
Rcb5 41. Nd4 Rc5 42. Ne6 Rcb5 43. Rc3 Bd3 44. Rc7+ Kh8 45. Rac1 R5b7 46. Rxb7
Rxb7 47. Rc8+ Kh7 48. Ra8 Bc2 49. Rxa5 Bxb3 50. Nd8 Rb6 51. Ra7+ Kg8 52. Rb7
Rxb7 53. Nxb7 Ba2 54. Nxd6 Kg7 55. Kg3 Kf6 56. Kf4 g5+ 57. Ke3 Ng6 58. g3 1-0

[Event "1. liga V 24/25, Morenda-SM"]
[Site ""]
[Date "2025.02.02"]
[Round "7.3"]
[White "Roubalik, Jakub"]
[Black "Delgerdalai, Bayarjavkhlan"]
[Result "1/2-1/2"]
[WhiteFideId "322237"]
[BlackFideId "23727276"]
[WhiteElo "2321"]
[BlackElo "2321"]
[PlyCount "0"]
[WhiteTeam "Moravska Slavia Brno B"]
[BlackTeam "SK Stare Mesto"]
[EventDate "2024.10.20"]

1. d4 d5 2. c4 e6 3. Nc3 a6 4. cxd5 exd5 5. Bf4 c6 6. e3 Bd6 7. Bxd6 Qxd6 8.
Bd3 Nf6 9. Nge2 O-O 10. Qd2 Nbd7 11. f3 c5 12. O-O b5 13. dxc5 Nxc5 14. Nd4 Re8
15. Rfe1 Bd7 16. Rac1 b4 17. Nce2 Qb6 18. Bb1 a5 19. Ng3 Rac8 20. Qf2 g6 21.
Nge2 Qd6 22. Nf4 Ne6 23. Nd3 Nxd4 24. exd4 Bf5 25. Nc5 Bxb1 26. Rxb1 Nd7 27.
Nxd7 Qxd7 28. Rxe8+ Rxe8 29. Re1 1/2-1/2

[Event "1. liga V 24/25, Morenda-SM"]
[Site ""]
[Date "2025.02.02"]
[Round "7.4"]
[White "Hajek, Oskar"]
[Black "Pisk, Petr"]
[Result "1/2-1/2"]
[WhiteFideId "374512"]
[BlackFideId "304689"]
[WhiteElo "2198"]
[BlackElo "2302"]
[PlyCount "0"]
[WhiteTeam "SK Stare Mesto"]
[BlackTeam "Moravska Slavia Brno B"]
[EventDate "2024.10.20"]

1. d4 d5 2. Nc3 c6 3. Bf4 Bf5 4. e3 Nf6 5. Nf3 Nbd7 6. Be2 h6 7. h3 e6 8. a3
Be7 9. O-O O-O 10. Bd3 Bxd3 11. cxd3 c5 12. dxc5 Nxc5 13. Rc1 Rc8 14. b4 Ncd7
15. Nb5 Rxc1 16. Qxc1 Qb6 17. Nbd4 Bd6 18. Bxd6 Qxd6 19. Qc2 Nb6 20. Rc1 Rc8
21. Qd1 Qb8 22. Rc2 Nfd7 23. Qc1 Rxc2 24. Qxc2 Qc8 1/2-1/2

[Event "1. liga V 24/25, Morenda-SM"]
[Site ""]
[Date "2025.02.02"]
[Round "7.5"]
[White "Holemar, David"]
[Black "Worek, Joanna"]
[Result "1/2-1/2"]
[WhiteFideId "307009"]
[BlackFideId "1118080"]
[WhiteElo "2150"]
[BlackElo "2218"]
[PlyCount "0"]
[WhiteTeam "Moravska Slavia Brno B"]
[BlackTeam "SK Stare Mesto"]
[EventDate "2024.10.20"]

1. d4 d5 2. c4 e6 3. Nc3 Nf6 4. cxd5 exd5 5. Bg5 Be7 6. e3 O-O 7. Bd3 Nbd7 8.
Nge2 c6 9. Qc2 Re8 10. O-O Nf8 11. Rae1 a5 12. f3 b5 13. a4 b4 14. Na2 Qb6 15.
Nac1 N6d7 16. Bxe7 Rxe7 17. Nf4 Bb7 18. Nb3 Rc8 19. Bf5 Rce8 20. Kf2 g6 21. Bd3
Ne6 22. Nxe6 Rxe6 23. Re2 Ba6 24. Bxa6 Qxa6 25. Rc1 h5 26. Nc5 Nxc5 27. Qxc5 h4
28. Qc2 Qb7 29. b3 Qb8 30. g3 Rf6 31. Kg2 hxg3 32. hxg3 Rfe6 33. Rce1 Qd6 34.
Qd3 c5 35. dxc5 Qxc5 36. Kf2 Rd8 37. Rd1 Qe7 38. Qd4 Qf6 39. Qxf6 Rxf6 40. Red2
Rfd6 41. Rd4 Rc8 42. e4 Rc3 43. Rxd5 Rxd5 44. Rxd5 Rxb3 45. Rxa5 Ra3 46. Ra8+
Kg7 47. a5 b3 48. Rb8 Rxa5 49. Rxb3 Ra6 50. Rb5 Kf6 51. Kg2 Rc6 52. Kh3 Ra6 53.
Kg4 Rc6 54. Rb7 Ra6 55. Rc7 Re6 56. Ra7 Rb6 57. f4 Rb3 58. Kh4 Rf3 59. e5+ Ke6
60. Ra6+ Ke7 61. Ra4 Kf8 62. g4 Re3 63. Kg5 Kg7 64. Ra7 Re1 65. Re7 Re2 66. f5
Rxe5 67. Rxe5 f6+ 68. Kf4 fxe5+ 69. Kxe5 gxf5 70. Kxf5 Kf7 1/2-1/2

[Event "1. liga V 24/25, Morenda-SM"]
[Site ""]
[Date "2025.02.02"]
[Round "7.6"]
[White "Babula, Matej"]
[Black "Bures, Vit"]
[Result "1/2-1/2"]
[WhiteFideId "398322"]
[BlackFideId "309052"]
[WhiteElo "2102"]
[BlackElo "2215"]
[PlyCount "0"]
[WhiteTeam "SK Stare Mesto"]
[BlackTeam "Moravska Slavia Brno B"]
[EventDate "2024.10.20"]

1. e4 e5 2. Nf3 Nc6 3. Bc4 Bc5 4. d3 Nf6 5. O-O d6 6. c3 a5 7. h3 h6 8. Re1 O-O
9. Nbd2 Be6 10. Bb5 Qb8 11. Nf1 Qa7 12. Be3 Bxe3 13. Rxe3 a4 14. Ng3 Qb6 15.
Bxc6 Qxc6 16. d4 Qb5 17. Qe2 Ra5 18. a3 Re8 19. Rb1 c6 20. Rc1 Qxe2 21. Rxe2 g6
22. c4 exd4 23. Nxd4 Rc5 24. Rec2 Bc8 25. f3 Rce5 26. Nf1 1/2-1/2

[Event "1. liga V 24/25, Morenda-SM"]
[Site ""]
[Date "2025.02.02"]
[Round "7.7"]
[White "Vechet, Stanislav"]
[Black "Vrana, Frantisek"]
[Result "1/2-1/2"]
[WhiteFideId "302473"]
[BlackFideId "302066"]
[WhiteElo "2146"]
[BlackElo "2115"]
[PlyCount "0"]
[WhiteTeam "Moravska Slavia Brno B"]
[BlackTeam "SK Stare Mesto"]
[EventDate "2024.10.20"]

1. d4 Nf6 2. c4 c6 3. Nc3 d5 4. Nf3 Bf5 5. cxd5 cxd5 6. Bf4 Nc6 7. e3 e6 8. Qa4
Qb6 9. Bb5 Rc8 10. Ne5 a6 11. Bxc6+ bxc6 12. O-O Bb4 13. Rac1 O-O 14. a3 Bxc3
15. Rxc3 Qxb2 16. Qb4 Qxb4 17. axb4 Ne4 18. Ra3 g5 19. Bg3 f6 20. Nd7 Nxg3 21.
hxg3 Rf7 22. Nc5 Rb8 23. Rxa6 1/2-1/2

[Event "1. liga V 24/25, Morenda-SM"]
[Site ""]
[Date "2025.02.02"]
[Round "7.8"]
[White "Horsak, Jan"]
[Black "Skacelik, Petr"]
[Result "0-1"]
[WhiteFideId "327573"]
[BlackFideId "307904"]
[WhiteElo "2027"]
[BlackElo "2132"]
[PlyCount "0"]
[WhiteTeam "SK Stare Mesto"]
[BlackTeam "Moravska Slavia Brno B"]
[EventDate "2024.10.20"]

1. c4 c5 2. Nc3 Nc6 3. g3 g6 4. Bg2 Bg7 5. d3 d6 6. Bg5 Nf6 7. Nf3 Bd7 8. O-O
h6 9. Bd2 O-O 10. e4 a6 11. Kh1 Kh7 12. Rb1 Rb8 13. a3 a5 14. Nb5 Ne8 15. Bc3
e5 16. Nd2 Nd4 17. a4 f5 18. f4 b6 19. exf5 gxf5 20. Nf3 Nxb5 21. axb5 exf4 22.
gxf4 Bxc3 23. bxc3 Nf6 24. Rb2 Ng4 25. Re2 Re8 26. Rfe1 Nf6 27. Nh4 Ng4 28. Nf3
Nf6 29. Rxe8 Bxe8 30. Qe2 Bd7 31. Qe7+ Qxe7 32. Rxe7+ Kg8 33. Nh4 Re8 34. Bd5+
Nxd5 35. Rxd7 Nxf4 36. Kg1 Ra8 37. Nxf5 a4 38. Nxh6+ Kh8 39. Nf7+ Kg7 40. Ng5+
Kg6 41. Ne4 a3 42. Nd2 a2 43. Nb3 Ra3 44. Na1 Rxc3 0-1

[Event "1. liga V 24/25, Trinec-Hostalkova"]
[Site ""]
[Date "2025.02.02"]
[Round "7.1"]
[White "Langner, Ladislav"]
[Black "Warakomski, Tomasz"]
[Result "0-1"]
[WhiteFideId "300403"]
[BlackFideId "1124552"]
[WhiteElo "2370"]
[BlackElo "2543"]
[PlyCount "0"]
[WhiteTeam "TJ TZ Trinec"]
[BlackTeam "Sachy Hostalkova"]
[EventDate "2024.10.20"]

1. e4 c5 2. c3 b6 3. d4 Bb7 4. Nd2 g6 5. Ngf3 Bg7 6. Bd3 d6 7. O-O Nf6 8. Qe2
O-O 9. a3 Qc7 10. b4 Nh5 11. g3 e5 12. bxc5 bxc5 13. dxe5 dxe5 14. Bc4 Nf6 15.
a4 Nbd7 16. a5 Rab8 17. Ne1 Ne8 18. a6 Bc6 19. Bd5 Bxd5 20. exd5 Nd6 21. Nc2 f5
22. Nc4 Nb5 23. Na5 Rb6 24. Nc6 Nb8 25. Nxb8 Rfxb8 26. c4 Nd6 27. Bd2 Qc8 28.
Ra5 Rxa6 29. Rfa1 Rxa5 30. Rxa5 Rb7 31. Be3 f4 32. gxf4 Rb1+ 33. Kg2 Nf5 34.
Qg4 Rb2 35. Qd1 Nxe3+ 36. Nxe3 exf4 37. d6 Bd4 38. Qg4 Rxf2+ 39. Kh3 Qb7 40.
Nd5 Qb3+ 41. Kh4 Rxh2+ 42. Kg5 h6+ 43. Kxg6 Qd3+ 44. Qf5 Qg3+ 0-1

[Event "1. liga V 24/25, Trinec-Hostalkova"]
[Site ""]
[Date "2025.02.02"]
[Round "7.2"]
[White "Balint, Peter"]
[Black "Fargac, Martin"]
[Result "0-1"]
[WhiteFideId "1660713"]
[BlackFideId "345245"]
[WhiteElo "2365"]
[BlackElo "2396"]
[PlyCount "0"]
[WhiteTeam "Sachy Hostalkova"]
[BlackTeam "TJ TZ Trinec"]
[EventDate "2024.10.20"]

1. e4 g6 2. d4 Bg7 3. Nc3 a6 4. Be3 d6 5. f3 b5 6. Qd2 Nd7 7. h4 h5 8. O-O-O
Bb7 9. Nh3 Ngf6 10. Ng5 e6 11. g3 Nb6 12. d5 exd5 13. Bxb6 cxb6 14. Nxd5 Bxd5
15. exd5 O-O 16. Bh3 Re8 17. Rhe1 Rxe1 18. Rxe1 Ra7 19. f4 Re7 20. f5 gxf5 21.
Bxf5 Qe8 22. Rxe7 Qxe7 23. c3 Qe5 24. Qf2 Bh6 25. Kb1 Kg7 26. a3 Qxd5 27. Qf4
a5 28. Kc2 Qg2+ 29. Kb1 Qe2 30. Kc1 Qe5 31. Qf3 Nd5 32. Kb1 Bxg5 33. hxg5 Ne3
34. Bd3 Qxg5 35. Qe4 Qe5 36. Qh7+ Kf6 37. Qh6+ Ke7 38. Qh7 Ng4 39. Bg6 Qe1+ 40.
Kc2 Ne3+ 41. Kb3 Qf2 42. Bxh5 Nc4 43. Qe4+ Kf8 44. Qe2 Qxg3 45. Kc2 Ne5 46.
Qxb5 Qf2+ 47. Qe2 Qxe2+ 48. Bxe2 Ke7 49. b4 d5 50. Kb3 Kd6 51. Ka4 axb4 52.
Kxb4 f5 53. Kb5 f4 54. Kxb6 f3 55. Bxf3 Nxf3 56. a4 Ne5 57. Kb5 Nc4 58. Kb4 Kc6
59. Kb3 Kc5 60. Kc2 Nb6 61. a5 Nc4 62. a6 Na3+ 63. Kd3 Nb5 64. Kd2 Kc4 65. Kc2
Na7 66. Kd2 Nc6 0-1

[Event "1. liga V 24/25, Trinec-Hostalkova"]
[Site ""]
[Date "2025.02.02"]
[Round "7.3"]
[White "Szotkowski, Jakub"]
[Black "Slovak, Kilian"]
[Result "0-1"]
[WhiteFideId "330590"]
[BlackFideId "365440"]
[WhiteElo "2298"]
[BlackElo "2314"]
[PlyCount "0"]
[WhiteTeam "TJ TZ Trinec"]
[BlackTeam "Sachy Hostalkova"]
[EventDate "2024.10.20"]

1. d4 Nf6 2. c4 g6 3. Nc3 Bg7 4. e4 O-O 5. Nf3 d6 6. Be2 e5 7. dxe5 dxe5 8.
Qxd8 Rxd8 9. Bg5 c6 10. Nxe5 Re8 11. O-O-O Na6 12. f4 Nc5 13. Bf3 Ne6 14. Bxf6
Bxf6 15. Nd3 Bg7 16. Ne2 Nd4 17. Nxd4 Bxd4 18. Kb1 Be6 19. b3 a5 20. Nb2 Be3
21. g3 b5 22. Rd3 Bc5 23. Rc1 Ba3 24. c5 a4 25. bxa4 Bxb2 26. Kxb2 Rxa4 27. a3
b4 28. axb4 Rxb4+ 29. Kc3 Reb8 30. Kd2 Rb2+ 31. Rc2 Rxc2+ 32. Kxc2 Ra8 33. h4
h5 34. Kc3 Kf8 35. Kd2 Ra2+ 36. Kc1 Ra1+ 37. Kc2 Ra2+ 38. Kc3 Ra3+ 39. Kd2 Ra2+
40. Kd1 Ra1+ 41. Kc2 Ra2+ 42. Kb1 Rf2 43. Bd1 Ke7 44. Ba4 Bd7 45. Bc2 f6 46.
Re3 Be6 47. Kb2 Rd2 48. Kc3 Rd8 49. Ba4 Ra8 50. Kb4 Rb8+ 51. Ka3 Rd8 52. Rc3
Ra8 53. Rc1 Rd8 54. Rd1 Ra8 55. Rd6 Bd7 56. Kb4 Rc8 57. e5 fxe5 58. fxe5 Be8
59. Bc2 Rb8+ 60. Kc4 Bf7+ 61. Kc3 Rb5 62. Bxg6 Rxc5+ 63. Kd4 Rc4+ 64. Ke3 Bd5
65. Bf5 Rc3+ 66. Bd3 Bc4 67. g4 hxg4 68. h5 g3 69. h6 Bxd3 70. Rxd3 g2 71. Rxc3
g1=Q+ 72. Kd3 Qg6+ 73. Kd4 Qxh6 74. Kc5 Qd2 0-1

[Event "1. liga V 24/25, Trinec-Hostalkova"]
[Site ""]
[Date "2025.02.02"]
[Round "7.4"]
[White "Gnida, Patrik"]
[Black "Zvarik, Martin"]
[Result "1-0"]
[WhiteFideId "351660"]
[BlackFideId "14908565"]
[WhiteElo "2185"]
[BlackElo "2197"]
[PlyCount "0"]
[WhiteTeam "Sachy Hostalkova"]
[BlackTeam "TJ TZ Trinec"]
[EventDate "2024.10.20"]

1. d4 Nf6 2. Nc3 d5 3. Bf4 e6 4. Nf3 b6 5. e3 Bb7 6. Bb5+ c6 7. Bd3 Bd6 8. Ne5
Qc7 9. Bg3 Nbd7 10. f4 a6 11. O-O c5 12. Qf3 b5 13. a3 O-O 14. Bh4 c4 15. Be2
Ne4 16. Nxe4 dxe4 17. Qh3 Bd5 18. Bg4 f5 19. Be2 Nb6 20. Kh1 Na4 21. Rab1 Nxb2
22. Rxb2 c3 23. Rbb1 Bxa3 24. g4 b4 25. gxf5 exf5 26. Rg1 Rab8 27. Qg2 Rb6 28.
Bc4 Rd6 29. Qe2 Rc8 30. Bxd5+ Rxd5 31. Qxa6 1-0

[Event "1. liga V 24/25, Trinec-Hostalkova"]
[Site ""]
[Date "2025.02.02"]
[Round "7.5"]
[White "Tymrakiewicz, Rafal"]
[Black "Warchol, Kamil"]
[Result "1-0"]
[WhiteFideId "1108832"]
[BlackFideId "21858241"]
[WhiteElo "2186"]
[BlackElo "2158"]
[PlyCount "0"]
[WhiteTeam "TJ TZ Trinec"]
[BlackTeam "Sachy Hostalkova"]
[EventDate "2024.10.20"]

1. e4 c5 2. Nf3 d6 3. c3 Nf6 4. Be2 Nc6 5. d4 cxd4 6. cxd4 Nxe4 7. d5 Qa5+ 8.
Nc3 Nxc3 9. bxc3 Nb8 10. O-O Nd7 11. Rb1 a6 12. Re1 Nf6 13. c4 g6 14. Be3 Qc7
15. Bb6 Qd7 16. c5 Bg7 17. c6 bxc6 18. dxc6 Qf5 19. Nd4 Qg5 20. Bf3 O-O 21. c7
Bd7 22. Nc6 e5 23. Be3 Qh4 24. Rb8 e4 1-0

[Event "1. liga V 24/25, Trinec-Hostalkova"]
[Site ""]
[Date "2025.02.02"]
[Round "7.6"]
[White "Bohacek, Jan Andrej"]
[Black "Cupek, Martin"]
[Result "0-1"]
[WhiteFideId "23727357"]
[BlackFideId "320935"]
[WhiteElo "2114"]
[BlackElo "2107"]
[PlyCount "0"]
[WhiteTeam "Sachy Hostalkova"]
[BlackTeam "TJ TZ Trinec"]
[EventDate "2024.10.20"]

1. e4 d6 2. d4 Nd7 3. f4 e5 4. Nf3 Ngf6 5. Nc3 exd4 6. Qxd4 c6 7. a4 d5 8. e5
Bc5 9. Qd3 Ng4 10. Nd1 Qe7 11. h3 Nh6 12. g4 f6 13. Rh2 O-O 14. Re2 fxe5 15.
fxe5 Rxf3 16. Qxf3 Nxe5 17. Qg3 Nhf7 18. Bf4 Bd6 19. g5 Bf5 20. Ne3 Be4 21. Bg2
Qc7 22. Bxe4 dxe4 23. Kf1 Rf8 24. Kg2 Ng6 25. Bxd6 Nxd6 26. Rf2 Rxf2+ 27. Kxf2
Qe7 28. Rd1 Ne5 29. Kg2 Ndf7 30. h4 h5 31. Qf4 Qb4 32. Qf5 g6 33. Qf4 Qxa4 34.
b3 Qb4 35. Qf6 Qc5 36. Nc4 Ng4 37. Qxg6+ Kf8 38. Rf1 Qd5 39. Rf5 Qd7 40. Qf6
Nxf6 0-1

[Event "1. liga V 24/25, Trinec-Hostalkova"]
[Site ""]
[Date "2025.02.02"]
[Round "7.7"]
[White "Sikorova, Olga"]
[Black "Krejca, Jakub"]
[Result "1-0"]
[WhiteFideId "307033"]
[BlackFideId "365777"]
[WhiteElo "2134"]
[BlackElo "2108"]
[PlyCount "0"]
[WhiteTeam "TJ TZ Trinec"]
[BlackTeam "Sachy Hostalkova"]
[EventDate "2024.10.20"]

1. c4 e6 2. g3 d5 3. Bg2 Nf6 4. Nf3 Be7 5. O-O O-O 6. b3 c5 7. cxd5 Nxd5 8. d4
Nc6 9. Bb2 cxd4 10. Nxd4 Bf6 11. Nxc6 bxc6 12. Bxf6 Qxf6 13. Na3 Ba6 14. Qc2
Rfd8 15. Bf3 Rac8 16. Qc5 Nc3 17. Nc4 Bxc4 18. Qxc4 Rd2 19. a3 Rcd8 20. Rac1
Nb5 21. Qxc6 Nd4 22. Qb7 Nxf3+ 23. exf3 h5 24. Rc4 g5 25. h4 R8d3 26. hxg5 Qxg5
27. Qxa7 Kg7 28. Rf4 Rd7 29. Qe3 Qd5 30. Qc3+ e5 31. Rf5 f6 32. Rxh5 Rd3 33.
Qc8 Rd8 34. Qg4+ Kf8 35. Rh8+ Ke7 36. Qg7+ Ke6 37. Qg4+ Ke7 38. Rh7+ Kd6 39.
Qb4+ Qc5 40. Qb7 Qc6 41. Qe7+ 1-0

[Event "1. liga V 24/25, Trinec-Hostalkova"]
[Site ""]
[Date "2025.02.02"]
[Round "7.8"]
[White "Malcanek, Jan"]
[Black "Pilch, Roman"]
[Result "1-0"]
[WhiteFideId "339423"]
[BlackFideId "337870"]
[WhiteElo "2012"]
[BlackElo "2160"]
[PlyCount "0"]
[WhiteTeam "Sachy Hostalkova"]
[BlackTeam "TJ TZ Trinec"]
[EventDate "2024.10.20"]

1. Nf3 Nf6 2. b3 g6 3. Bb2 Bg7 4. g3 c5 5. c4 Nc6 6. Bg2 d6 7. O-O O-O 8. d3 h6
9. Nbd2 e5 10. e3 Nh7 11. Qc2 f5 12. a3 Be6 13. Rfe1 g5 14. d4 e4 15. d5 Bxb2
16. Qxb2 exf3 17. Bxf3 Ne5 18. dxe6 Nd3 19. Qc2 Nxe1 20. Rxe1 Qe7 21. Bd5 Rf6
22. e4 Raf8 23. e5 dxe5 24. Rxe5 g4 25. f4 gxf3 26. Nxf3 Ng5 27. Nh4 Kh8 28.
Rxf5 Nxe6 29. Rxf6 Qxf6 30. Ng6+ Kg7 31. Nxf8 Nd4 32. Qh7+ Kxf8 33. Qxb7 Qe7
34. Qc8+ Kg7 35. Qg4+ Qg5 36. Qxg5+ hxg5 37. b4 Nc2 38. bxc5 Kf6 39. c6 Ke7 40.
a4 1-0

[Event "1. liga V 24/25, Jundrov-Grygov"]
[Site ""]
[Date "2025.02.02"]
[Round "7.1"]
[White "Zwardon, Vojtech"]
[Black "Biolek, Richard"]
[Result "1/2-1/2"]
[WhiteFideId "325511"]
[BlackFideId "319996"]
[WhiteElo "2429"]
[BlackElo "2417"]
[PlyCount "0"]
[WhiteTeam "Jezdci Jundrov"]
[BlackTeam "A64 PROCLIENT Grygov"]
[EventDate "2024.10.20"]

1. c4 c5 2. g3 g6 3. Bg2 Bg7 4. Nc3 Nc6 5. Nf3 e5 6. O-O Nge7 7. Ne1 d6 8. Nc2
O-O 9. Rb1 Be6 10. Ne3 Rb8 11. d3 a6 12. Ned5 b5 13. f4 b4 14. Nxe7+ Nxe7 15.
Ne4 f5 16. Ng5 Bd7 17. Nf3 Nc6 18. fxe5 Nxe5 19. Nxe5 dxe5 20. Bd5+ Kh8 21. Be3
Qe7 22. Qd2 a5 23. Bg5 Bf6 24. Bh6 Bg7 25. Bg5 Bf6 26. Bh6 Bg7 27. Bg5 1/2-1/2

[Event "1. liga V 24/25, Jundrov-Grygov"]
[Site ""]
[Date "2025.02.02"]
[Round "7.2"]
[White "Biolek, Richard"]
[Black "Fiala, Vaclav"]
[Result "1/2-1/2"]
[WhiteFideId "300756"]
[BlackFideId "331503"]
[WhiteElo "2338"]
[BlackElo "2208"]
[PlyCount "0"]
[WhiteTeam "A64 PROCLIENT Grygov"]
[BlackTeam "Jezdci Jundrov"]
[EventDate "2024.10.20"]

1. e4 c5 2. Nf3 e6 3. d3 d5 4. Nbd2 Nc6 5. g3 Nf6 6. Bg2 Be7 7. O-O O-O 8. Re1
Qc7 9. e5 Nd7 10. Qe2 b6 11. h4 Bb7 12. Nf1 Rfe8 13. Bf4 a5 14. h5 h6 15. Qd2
Bf8 16. N1h2 a4 17. a3 b5 18. Ng4 Kh7 19. d4 Nxd4 20. Nxd4 cxd4 21. Bf1 Nc5 22.
Bxb5 Reb8 23. Bd3+ Kg8 24. f3 Ba6 1/2-1/2

[Event "1. liga V 24/25, Jundrov-Grygov"]
[Site ""]
[Date "2025.02.02"]
[Round "7.3"]
[White "Blatny, Pavel"]
[Black "Bokhnak, Timofey"]
[Result "1/2-1/2"]
[WhiteFideId "300047"]
[BlackFideId "14172976"]
[WhiteElo "2258"]
[BlackElo "2296"]
[PlyCount "0"]
[WhiteTeam "Jezdci Jundrov"]
[BlackTeam "A64 PROCLIENT Grygov"]
[EventDate "2024.10.20"]

1. d4 d5 2. Nf3 Nf6 3. Bf4 c5 4. c3 Nc6 5. e3 Nh5 6. Bg3 Nxg3 7. hxg3 e6 8. Bd3
h6 9. Nbd2 Qb6 10. Rb1 Be7 11. Qe2 Bd7 12. g4 g5 13. dxc5 Qxc5 14. e4 O-O-O 15.
e5 f6 16. Nb3 Qb6 17. Nbd4 Nxe5 18. Nxe5 fxe5 19. Qxe5 Rdf8 20. Qe2 Bf6 21. Bb5
Bxd4 22. Bxd7+ Kxd7 23. cxd4 Qb4+ 24. Kf1 Qxd4 25. Rh3 Qc4 26. Qxc4 dxc4 27. b3
cxb3 28. Rhxb3 b6 29. Ra3 Ra8 30. Rd1+ Ke7 31. Rc1 Rhd8 32. Rh3 Rac8 33. Re1
Rh8 34. Rhe3 Rc6 35. g3 Rf8 36. Kg2 Rf6 1/2-1/2

[Event "1. liga V 24/25, Jundrov-Grygov"]
[Site ""]
[Date "2025.02.02"]
[Round "7.4"]
[White "Vaculik, Jakub"]
[Black "Buchta, Vaclav"]
[Result "0-1"]
[WhiteFideId "344109"]
[BlackFideId "23739118"]
[WhiteElo "2261"]
[BlackElo "2258"]
[PlyCount "0"]
[WhiteTeam "A64 PROCLIENT Grygov"]
[BlackTeam "Jezdci Jundrov"]
[EventDate "2024.10.20"]

1. d4 Nf6 2. Nf3 c5 3. d5 b5 4. e4 Nxe4 5. Qd3 Nd6 6. Bf4 Ba6 7. Bxd6 exd6 8.
Nbd2 Be7 9. c3 O-O 10. Be2 c4 11. Qc2 Bb7 12. Nd4 Bxd5 13. Nxb5 Nc6 14. O-O Ne5
15. Na3 Qc7 16. f4 Ng6 17. g3 Bb7 18. Bf3 Bxf3 19. Nxf3 d5 20. Nb5 Bc5+ 21. Kg2
Qb6 22. Nbd4 Rab8 23. Rf2 Ne7 24. Re2 Bxd4 25. Nxd4 Nc6 26. Rd1 Rfe8 27. Rxe8+
Rxe8 28. Nf3 Ne7 29. Qf2 Qb7 30. Rd2 Nf5 31. g4 Ne3+ 32. Kg3 Qb6 33. h3 Re4 34.
Ng5 Re8 35. Nf3 f6 36. Re2 g5 37. Nd4 Re4 38. Kh2 gxf4 39. Kg1 Qd6 40. Qh4 Qe7
41. Rf2 a5 42. Qh6 Qg7 43. Qxg7+ Kxg7 44. Rd2 f5 45. gxf5 Kf6 46. Kf2 Re5 47.
Kf3 Nxf5 48. Nb5 Kg5 49. Rg2+ Ng3 50. h4+ Kxh4 51. Rh2+ Kg5 52. Rxh7 Re3+ 53.
Kg2 Ne4 54. Nd4 Rg3+ 55. Kf1 a4 56. Rxd7 a3 57. Rxd5+ Kg4 58. bxa3 Rxc3 59. Rd8
Rxa3 60. Rg8+ Ng5 61. Ne6 Ra5 62. a4 Re5 63. Nxg5 Rxg5 64. Rc8 Kg3 65. Rxc4 Rh5
66. Ke2 f3+ 67. Kd3 f2 68. Rc1 Rh4 69. Ke2 Kg2 0-1

[Event "1. liga V 24/25, Jundrov-Grygov"]
[Site ""]
[Date "2025.02.02"]
[Round "7.5"]
[White "Slepov, Cyril"]
[Black "Vanek, Ladislav"]
[Result "0-1"]
[WhiteFideId "378364"]
[BlackFideId "324647"]
[WhiteElo "2166"]
[BlackElo "2189"]
[PlyCount "0"]
[WhiteTeam "Jezdci Jundrov"]
[BlackTeam "A64 PROCLIENT Grygov"]
[EventDate "2024.10.20"]

1. d4 d5 2. c4 e6 3. Nc3 Nf6 4. cxd5 exd5 5. Bg5 Bb4 6. e3 h6 7. Bh4 g5 8. Bg3
Ne4 9. a3 Bxc3+ 10. bxc3 h5 11. Be5 f6 12. f3 Nxc3 13. Qc2 fxe5 14. Qxc3 exd4
15. Qxd4 O-O 16. Rd1 Be6 17. h4 Nc6 18. Qc5 g4 19. Ne2 Qe7 20. Qc3 Rad8 21. Kf2
Qf7 22. f4 Qf6 23. Qxf6 Rxf6 24. Ng3 Bf7 25. Bb5 Ne7 26. Bd3 d4 27. Be4 b6 28.
Rxd4 Rxf4+ 29. Ke2 Rxd4 30. exd4 Rf6 31. Rc1 c6 32. a4 Kg7 33. a5 Kh6 34. axb6
axb6 35. Ra1 Bg6 36. Ra7 Re6 37. Kd3 Nd5 38. Nf5+ Bxf5 39. Bxf5 Re3+ 40. Kd2
Re7 41. Ra8 Kg7 42. Rc8 Ne3 43. Bd3 Nxg2 44. Rxc6 Nxh4 45. Rxb6 g3 46. Be2 g2
47. Rb1 Kh6 48. Kd3 Kg5 49. Rg1 Kf4 50. Bxh5 Kg3 51. d5 Re5 52. Bf7 Rf5 53. Be6
Rf1 54. Rxg2+ Nxg2 55. Ke4 Re1+ 56. Kf5 Ne3+ 57. Kf6 Rd1 58. Ke5 Nc4+ 59. Ke4
Rd2 60. Bd7 Kh4 61. Ba4 Kg5 62. Bb3 Na5 0-1

[Event "1. liga V 24/25, Jundrov-Grygov"]
[Site ""]
[Date "2025.02.02"]
[Round "7.6"]
[White "Vitak, Pavel"]
[Black "Seidl, Stepan"]
[Result "1-0"]
[WhiteFideId "317870"]
[BlackFideId "338290"]
[WhiteElo "2150"]
[BlackElo "2148"]
[PlyCount "0"]
[WhiteTeam "A64 PROCLIENT Grygov"]
[BlackTeam "Jezdci Jundrov"]
[EventDate "2024.10.20"]

1. c4 Nf6 2. Nc3 c5 3. g3 g6 4. Bg2 Bg7 5. e3 d6 6. Nge2 Nc6 7. d3 O-O 8. O-O
Bd7 9. a3 Qc8 10. Rb1 Bh3 11. b4 Bxg2 12. Kxg2 b6 13. e4 cxb4 14. axb4 a5 15.
b5 Nd8 16. Be3 Qb7 17. f3 Rc8 18. Qb3 Nd7 19. Rbc1 Nc5 20. Qb1 e5 21. Nd5 Nde6
22. Rcd1 h6 23. Qc2 f5 24. Nec3 Kh7 25. Kg1 Rf7 26. Qg2 Rcf8 27. exf5 gxf5 28.
f4 e4 29. dxe4 Bxc3 30. Nxc3 fxe4 31. Rxd6 Rd7 32. Rfd1 Rxd6 33. Rxd6 Qe7 34.
Rd5 a4 35. Qc2 Kg8 36. Re5 Qd7 37. Rd5 Qh7 38. Nxa4 Ra8 39. Nxc5 bxc5 40. Re5
Ra1+ 41. Kg2 Ng5 42. fxg5 Qf7 43. Bf4 Qh5 44. Rxe4 hxg5 45. Re5 Kh8 46. Qb2 1-0

[Event "1. liga V 24/25, Jundrov-Grygov"]
[Site ""]
[Date "2025.02.02"]
[Round "7.7"]
[White "Novosadova, Kristyna"]
[Black "Sochor, Stanislav"]
[Result "0-1"]
[WhiteFideId "328065"]
[BlackFideId "308749"]
[WhiteElo "2132"]
[BlackElo "2116"]
[PlyCount "0"]
[WhiteTeam "Jezdci Jundrov"]
[BlackTeam "A64 PROCLIENT Grygov"]
[EventDate "2024.10.20"]

1. e4 e6 2. d4 d5 3. Nc3 Bb4 4. e5 c5 5. a3 Bxc3+ 6. bxc3 Qc7 7. Bd2 b6 8. Qg4
f5 9. Qg3 Ba6 10. Bd3 Bxd3 11. cxd3 Nc6 12. Ne2 cxd4 13. cxd4 Qf7 14. O-O Nge7
15. Rfc1 O-O 16. f4 Rfc8 17. Qe1 Qe8 18. Qd1 Qd7 19. Qb3 Nd8 20. a4 Kf7 21. a5
bxa5 22. Rxc8 Qxc8 23. Rxa5 Ndc6 24. Ra2 Rb8 25. Qa4 Rb1+ 26. Kf2 Qb7 27. Ke3
Qb6 28. Qc2 Qb3 29. Qxb3 Rxb3 30. Nc3 h6 31. Na4 g5 32. g3 Rb1 33. Nc5 g4 34.
Kf2 Nxd4 35. Be3 Nf3 36. Kg2 d4 37. Bf2 Rb5 38. Rc2 Nd5 39. Rc1 Rb2 40. Kf1
Ne3+ 41. Bxe3 dxe3 0-1

[Event "1. liga V 24/25, Jundrov-Grygov"]
[Site ""]
[Date "2025.02.02"]
[Round "7.8"]
[White "Musil, Vitezslav"]
[Black "Gabriel, Adam"]
[Result "0-1"]
[WhiteFideId "308803"]
[BlackFideId "332020"]
[WhiteElo "1950"]
[BlackElo "2294"]
[PlyCount "0"]
[WhiteTeam "A64 PROCLIENT Grygov"]
[BlackTeam "Jezdci Jundrov"]
[EventDate "2024.10.20"]

1. Nf3 d5 2. c4 d4 3. g3 c5 4. Bg2 Nc6 5. d3 g6 6. Nbd2 Bg7 7. O-O Nf6 8. Ng5
Bd7 9. Nge4 Nxe4 10. Nxe4 b6 11. a3 a5 12. b3 h6 13. Rb1 O-O 14. Nd2 Ra7 15.
Nf3 e5 16. Bd2 f5 17. b4 axb4 18. axb4 e4 19. dxe4 fxe4 20. Ne1 Qe7 21. bxc5
bxc5 22. Rb6 Ra2 23. Rb7 Rd8 24. Bh3 Ne5 25. Bf4 Nf7 26. Nc2 g5 27. Bc1 Qe8 28.
Bxd7 Rxd7 29. Rxd7 Qxd7 30. f3 Qa4 31. Na3 Rxa3 32. Bxa3 Qxa3 33. Qc1 Qa2 34.
fxe4 Qxe2 35. Re1 Qf3 36. Qd1 Ne5 37. Qa4 Ng4 38. Qe8+ Kh7 39. Rf1 Qe2 40. Qh5
d3 0-1